000 00588nam a2200193Ia 4500
005 20250508165416.0
008 008 250505s9999 xx 000 0 eng d
037 _aTheses
040 _aFEDL
_beng
_cFEDL
041 _aeng
_2eng
084 _a370.193, DAL/TH
_qFEDL
100 _aDalal Jyoti
_9548770
245 0 _aDelineating identity: Reflections on its construction and articulation in the school
260 _c2013
300 _a189p.
546 _aPh. D. Thesis, (Delhi University); C D Included
942 _cTH
_h370.193, DAL/TH
999 _c1394947
_d1394947